000 00844nam a2200229 a 4500
001 000034896
005 20200930073954.0
008 111021s1947 ag 000 0aspa d
040 _aDO-SdBNP
_bspa
_cBNPHU
082 _a928.21
_bC525a, 1947
100 1 _aChesterton, Gilbert Kieth,
_d1874-1936
_960457
240 1 0 _aAutobiography
_lespañol
245 1 0 _aAutobiografía /
_cGilbert Kieth Chesterton ; traducción y prólogo Antonio Marichalar.
250 _a2a ed.
260 _aBuenos Aires, :
_bEspasa-Calpe,
_c1947.
300 _a313 p. ;
_c23 cm.
500 _aTraducido del inglés.
590 _aPerteneció a la biblioteca personal de Juan Isidro Jimenes Grullón.
600 1 4 _aCHESTERTON, GILBERT KEITH,
_d1874-1936
_960458
700 1 _aMarichalar, Antonio,
_d1893-1973
_etr.
_960459
910 _aValidado. Control de calidad BNPHU
999 _c34387
_d34387